000 00396nam a22001457a 4500
999 _c7667
_d7665
005 20210319105836.0
008 210319b ||||| |||| 00| 0 eng d
082 _a346.066
100 _aAIYAR, A.N.
_96466
245 _aCOMPANY CASES THE CORPORATE LAW WEEKLY [VOL-150]
260 _aCHENNAI
_bCOMPANY LAW INSTITUTE OF INDIA
_c2009
300 _ai-xxxvi,912;p
650 _aLAW
_95701
942 _cJRL